000 00345nam a22001457a 4500
008 210602b ||||| |||| 00| 0 eng d
020 _a9780803602571
041 _aeng
080 _a615.83
082 _a615.83
100 _a8
101 _aEGZ
245 _aPhysical Rehabilitation Laboratory Manual
_cSusan B. O'Sullivan
942 _2udc
_cBK
999 _c57914
_d57914